Variaciones sobre el cuerpo / (Registro nro. 3251)

Detalles MARC
000 -CABECERA
campo de control de longitud fija 00814nam a22002417a 4500
003 - IDENTIFICADOR DEL NÚMERO DE CONTROL
campo de control AR-RoIUNI
005 - FECHA Y HORA DE LA ÚLTIMA TRANSACCIÓN
campo de control 20210319111415.0
007 - CAMPO FIJO DE DESCRIPCIÓN FÍSICA--INFORMACIÓN GENERAL
campo de control de longitud fija ta
008 - DATOS DE LONGITUD FIJA--INFORMACIÓN GENERAL
campo de control de longitud fija 160912s2011 ag |||||r|||| 00| 0 spa d
020 ## - NÚMERO INTERNACIONAL ESTÁNDAR DEL LIBRO
Número Internacional Estándar del Libro 9789505578627
040 ## - FUENTE DE LA CATALOGACIÓN
Centro/agencia transcriptor AR-RoIUNI
080 ## - NÚMERO DE LA CLASIFICACIÓN DECIMAL UNIVERSAL
Número de la Clasificación Decimal Universal 396
100 1# - ENTRADA PRINCIPAL--NOMBRE DE PERSONA
Nombre de persona Serres, Michel,
Fechas asociadas al nombre 1930-
245 10 - MENCIÓN DE TÍTULO
Título Variaciones sobre el cuerpo /
Mención de responsabilidad, etc. Michel Serres.
250 ## - MENCIÓN DE EDICIÓN
Mención de edición 1a ed. en español
260 ## - PUBLICACIÓN, DISTRIBUCIÓN, ETC. (PIE DE IMPRENTA)
Lugar de publicación, distribución, etc. Buenos Aires :
Nombre del editor, distribuidor, etc. Fondo de Cultura Económica,
Fecha de publicación, distribución, etc. 2011.
300 ## - DESCRIPCIÓN FÍSICA
Extensión 146 p. ;
Dimensiones 21 cm.
490 0# - MENCIÓN DE SERIE
Mención de serie Filosofía
505 0# - NOTA DE CONTENIDO CON FORMATO
Nota de contenido con formato Escribir el cuerpo: indicios, querellas y variaciones / por Adrián Cangi -- I. Metamorfosis -- II. Poder -- III. Conocimiento -- IV. Vértigo -- Una entrevista posible sobre las potencias del cuerpo.
650 #4 - PUNTO DE ACCESO ADICIONAL DE MATERIA--TÉRMINO DE MATERIA
Término de materia o nombre geográfico como elemento inicial PSICOLOGÍA
9 (RLIN) 108
650 #4 - PUNTO DE ACCESO ADICIONAL DE MATERIA--TÉRMINO DE MATERIA
Término de materia o nombre geográfico como elemento inicial FILOSOFÍA
9 (RLIN) 77
942 ## - ELEMENTOS DE PUNTO DE ACCESO ADICIONAL (KOHA)
Fuente del sistema de clasificación o colocación Clasificación Decimal Universal
Tipo de ítem Koha Libros
Existencias
Estado de retiro Estado de pérdida Fuente del sistema de clasificación o colocación Estado dañado Excepción de préstamo Código de colección Localización permanente Ubicación/localización actual Ubicación en estantería Fecha de adquisición Número de inventario Total de préstamos Signatura topográfica completa Código de barras Fecha visto por última vez Número de copia Precio válido a partir de Tipo de ítem Koha Nota pública
    Clasificación Decimal Universal     Psicología BIBLIOTECA RIOBAMBA BIBLIOTECA RIOBAMBA BIBLIOTECA RIOBAMBA 01/08/2016 3350   396 SER 3350 12/09/2016 1 12/09/2016 Libros Donación Pablo Zöpke